• 首页
  • 本馆介绍
  • 公告通知
  • 最新文献
  • 馆藏检索
  • 电子资源
  • 读者导购
  • 参考咨询
  • 我的图书馆
  • 登录
  • 详细信息显示
  • 放入我的书架
  • 预约/预借图书
  • 作者相关作品
  • 分类相关作品
  • 丛书相关作品
  • 出版社相关作品

书目信息

  • 表格格式
  • 工作单格式
  • 卡片格式
题名:
中小学实验教学指导与创新案例
    
 
作者: 夏国明 丛书主编 ;余鸿婷 , 张锋 主编 ;中国教育装备行业协会 编
分册:   初中生物学
出版信息: 北京   教育科学出版社  2024.06
页数: 326页
开本: 24cm
丛书名:
单 册:
中图分类: G632.421 , G633.912
科图分类:
主题词: 实验教学法--教学研究--中小学 , 生物课--实验--教学研究--初中
电子资源:
ISBN: 978-7-5191-4038-0
000 01378nam0 2200337 450
001 0100084415
005 20250616160352.0
010    @a978-7-5191-4038-0@dCNY62.00
035    @a(A100000NLC)013273352
049    @aA100000NLC@bUCS01012904213@c013273352@dNLC01
100    @a20241128d2024 em y0chiy50 ea
101 0  @achi
102    @aCN@b110000
105    @aa z 000yy
106    @ar
200 1  @a中小学实验教学指导与创新案例@9zhong xiao xue shi yan jiao xue zhi dao yu chuang xin an li@i初中生物学@b专著@f中国教育装备行业协会编
210    @a北京@c教育科学出版社@d2024.06
215    @a326页@c图@d24cm
314    @a丛书主编:夏国明;本书主编:余鸿婷、张锋
330    @a本书分为初中生物学实验教学设计原则与理论指导、实验教学创新案例、结语三部分,包括初中生物学实验教学概论、初中生物学实验教学的类型及功能、初中生物学实验的设计原则、初中生物学实验能力分析等内容。
333    @a教育工作者
606 0  @a实验教学法@x教学研究@x中小学
606 0  @a生物课@x实验@x教学研究@x初中
690    @aG632.421@v5
690    @aG633.912@v5
701  0 @a夏国明@9xia guo ming@4丛书主编
702  0 @a余鸿婷@9yu hong ting@4主编
702  0 @a张锋@9zhang feng@4主编
712 02 @a中国教育装备行业协会@9zhong guo jiao yu zhuang bei hang ye xie hui@4编
801  0 @aCN@b人天书店@c20250616
905    @b1624665-9@b216246667@b216246676@b216246685@b216246694@dG632.421@e2997@f5
    
    中小学实验教学指导与创新案例.初中生物学/中国教育装备行业协会编.-北京:教育科学出版社,2024.06
    326页:图;24cm
    使用对象:教育工作者
    
    ISBN 978-7-5191-4038-0:CNY62.00
    本书分为初中生物学实验教学设计原则与理论指导、实验教学创新案例、结语三部分,包括初中生物学实验教学概论、初中生物学实验教学的类型及功能、初中生物学实验的设计原则、初中生物学实验能力分析等内容。
●
相关链接 在E读中查询图书 在五车中查询图书 在当当中查询图书 在豆瓣中查询图书


正题名:中小学实验教学指导与创新案例     索取号:G632.421/2997         预约/预借

序号 登录号 条形码 馆藏地/架位号 状态 备注
1 1624665   216246658   第一样本阅览室/ [索取号:G632.421/2997] 在馆    
2 1624666   216246667   第四借阅区/ [索取号:G632.421/2997] 在馆    
3 1624667   216246676   第四借阅区/ [索取号:G632.421/2997] 在馆    
4 1624668   216246685   第四借阅区/ [索取号:G632.421/2997] 在馆    
5 1624669   216246694   第四借阅区/ [索取号:G632.421/2997] 在馆    
唐山师范学院图书馆 欢迎您!
大连网信软件有限公司© 版权所有